[Event "Miedzywojewodzkie Mistrzostwa Juniorow O"]
[Site "Pokrzywna"]
[Date "2025.??.??"]
[Round "6.1"]
[White "Plowy, Karol"]
[Black "Czeremcha, Piotr"]
[Result "0-1"]
[WhiteElo "1865"]
[BlackElo "1972"]
[PlyCount "94"]
[EventDate "2025.??.??"]

{[%evp 0,94,16,28,28,32,29,24,43,-39,23,30,30,18,15,19,17,25,27,27,28,25,22,22,
24,1,16,28,16,16,16,16,16,60,62,7,7,13,13,13,14,14,14,0,21,0,14,16,6,-34,-24,
-34,-28,-24,-24,-51,-35,-47,-29,-44,-13,-69,-77,-104,-98,-101,-87,-87,-78,-92,
-56,-81,-81,-115,-115,-110,-110,-134,-146,-153,-95,-110,-98,-192,-188,-217,
-230,-236,-244,-266,-235,-298,-210,-244,-238,-384,-399]} 1. d4 d5 2. Bf4 Nf6 3.
e3 Bf5 4. c4 c6 5. Nc3 e6 6. Qb3 Qb6 7. c5 Qxb3 8. axb3 Nbd7 9. Nf3 a6 10. h3
h6 11. Nd2 Be7 12. b4 Rc8 13. Nb3 Bd8 14. Na5 Bxa5 15. bxa5 O-O 16. Bd6 Rfe8
17. f4 Ne4 18. Nxe4 Bxe4 19. Ra4 Ra8 20. Rb4 Ra7 21. Kf2 Rc8 22. Be7 Re8 23.
Bd6 Bg6 24. Bc7 Nf6 25. Be2 Re7 26. Bb6 Ra8 27. Bf3 h5 28. Rd1 h4 29. Ke2 Bh5
30. Bxh5 Nxh5 31. Kf3 f5 32. Ra4 Rf8 33. b4 Rd7 34. Ra3 Rf6 35. Ra2 Rg6 36. Rc2
Rg3+ 37. Kf2 Nf6 38. Rg1 Ne4+ 39. Ke2 Kf7 40. Rb2 Ke8 41. Rb3 Rf7 42. Rd3 Kd7
43. Kf1 Rf6 44. Ba7 Kc8 45. Bb6 Rfg6 46. Ba7 Nf6 47. Bb6 Nh5 0-1

[Event "Miedzywojewodzkie Mistrzostwa Juniorow O"]
[Site "Pokrzywna"]
[Date "2025.??.??"]
[Round "6.2"]
[White "Lisek, Adam"]
[Black "Dudek, Bartlomiej"]
[Result "1-0"]
[WhiteElo "1673"]
[BlackElo "1663"]
[PlyCount "75"]
[EventDate "2025.??.??"]

{[%evp 0,75,16,28,49,49,25,28,24,-9,9,-8,-2,-16,-14,-51,-11,-40,-27,-46,-44,
-43,-10,-4,11,-16,15,4,4,58,89,90,119,112,100,106,112,92,117,115,144,144,166,
166,166,166,166,234,423,423,380,285,285,242,263,238,366,395,379,383,469,303,
387,387,312,237,505,355,371,263,433,433,433,277,29997,29998,29999,-30000]} 1.
e4 e5 2. Nf3 Nc6 3. Bc4 Bc5 4. c3 Nf6 5. d3 d6 6. Bg5 h6 7. Bh4 a6 8. b4 Ba7 9.
Na3 g5 10. Bg3 b5 11. Bb3 Qe7 12. Nc2 Bb7 13. Ne3 Bxe3 14. fxe3 Nd8 15. a4 Ne6
16. axb5 axb5 17. Rxa8+ Bxa8 18. O-O Ng4 19. Qe2 h5 20. h3 Nh6 21. Bxe6 fxe6
22. Nxe5 dxe5 23. Bxe5 Rf8 24. Qxh5+ Nf7 25. Bg7 Rg8 26. Qh7 Nh6 27. Qxh6 Rxg7
28. Qh8+ Kd7 29. Qxa8 g4 30. hxg4 Qg5 31. Rf4 Qh4 32. Qa1 Qh8 33. Qf1 Ke7 34.
Rf3 Rxg4 35. Rf7+ Kd6 36. Qf6 Qh5 37. Qd8+ Kc6 38. Qxc7# 1-0

[Event "Miedzywojewodzkie Mistrzostwa Juniorow O"]
[Site "Pokrzywna"]
[Date "2025.??.??"]
[Round "6.3"]
[White "Podolecki, Wojciech"]
[Black "Reterski, Wiktor"]
[Result "1/2-1/2"]
[WhiteElo "1603"]
[BlackElo "1775"]
[PlyCount "82"]
[EventDate "2025.??.??"]

{[%evp 0,82,16,-12,-9,-9,-9,-21,-13,-13,-30,-54,-2,-2,-8,-12,-6,-11,-11,-11,3,
-22,8,9,11,3,26,2,19,17,19,-17,45,-8,20,14,21,-28,-44,-43,-20,-25,-15,-25,-4,
-22,-44,-20,-22,-27,11,36,6,15,59,0,58,58,58,58,58,101,79,23,18,17,20,20,19,31,
29,21,19,11,36,32,57,57,57,57,57,60,58,60,69]} 1. c4 e6 2. Nc3 d5 3. cxd5 exd5
4. Nf3 Nf6 5. g3 Bd6 6. Bg2 c6 7. O-O O-O 8. d3 Re8 9. Re1 Bc7 10. Qc2 Bb6 11.
h3 d4 12. Na4 Be6 13. Nc5 Nbd7 14. Nxe6 Rxe6 15. a3 Nf8 16. Nd2 Qd7 17. Ne4 Ng6
18. e3 Nxe4 19. Bxe4 Rf6 20. Bg2 dxe3 21. Bxe3 Rd6 22. Bxb6 axb6 23. Re3 Rd8
24. Rd1 f6 25. Qb3+ Kh8 26. Qxb6 Ne5 27. Rde1 Rxd3 28. Rxd3 Nxd3 29. Rd1 Qd4
30. Qxd4 Rxd4 31. Bf1 Ne5 32. Rxd4 Nf3+ 33. Kg2 Nxd4 34. f4 Kg8 35. Kf2 Kf7 36.
Bd3 h6 37. Ke3 c5 38. b4 b6 39. bxc5 bxc5 40. a4 Ke6 41. a5 Nc6 1/2-1/2

[Event "Miedzywojewodzkie Mistrzostwa Juniorow O"]
[Site "Pokrzywna"]
[Date "2025.??.??"]
[Round "6.4"]
[White "Tendera, Jan"]
[Black "Klepacz, Jakub"]
[Result "1/2-1/2"]
[WhiteElo "1473"]
[BlackElo "1657"]
[PlyCount "60"]
[EventDate "2025.??.??"]

{[%evp 0,60,42,29,54,17,81,14,10,15,9,-1,11,22,0,0,0,-14,-24,-10,22,20,42,47,
47,49,54,53,72,30,15,-4,11,-24,-24,-37,-18,-18,-18,-25,-22,-22,0,-24,-9,-9,-5,
-9,0,-5,5,-28,13,-5,-5,-28,13,-5,-5,-17,13,-5,-5]} 1. Nf3 e6 2. d4 f5 3. b3 Nf6
4. Nbd2 Be7 5. e3 Ne4 6. Nxe4 fxe4 7. Nd2 d5 8. Bb2 O-O 9. Be2 Nd7 10. O-O Nf6
11. f3 exf3 12. Bxf3 c6 13. c4 Bd7 14. c5 Be8 15. Bg4 Qd7 16. b4 Bg6 17. a4
Nxg4 18. Qxg4 Bf5 19. Qg3 Rf6 20. Nf3 Rg6 21. Qe1 Be4 22. Qe2 Bf6 23. Rf2 Rf8
24. Raf1 Qe7 25. Ne5 Rh6 26. Ng4 Rg6 27. Ne5 Rh6 28. Ng4 Rg6 29. Ne5 Rh6 30.
Ng4 Rg6 1/2-1/2

[Event "Miedzywojewodzkie Mistrzostwa Juniorow O"]
[Site "Pokrzywna"]
[Date "2025.??.??"]
[Round "6.5"]
[White "Sawinski, Franciszek"]
[Black "Swiderski, Lukasz"]
[Result "1-0"]
[WhiteElo "1690"]
[BlackElo "1578"]
[PlyCount "105"]
[EventDate "2025.??.??"]

{[%evp 0,105,18,16,80,47,50,31,43,40,102,57,112,91,67,72,61,48,25,29,52,36,33,
34,34,1,12,-8,-16,-40,-11,-50,-32,-37,9,-14,35,44,44,44,44,65,67,41,54,50,50,
40,89,89,108,55,96,69,68,17,16,7,0,0,256,284,288,275,387,356,509,440,451,357,
345,309,309,309,309,229,250,214,282,293,302,314,413,275,275,266,297,176,305,
280,515,264,388,374,374,337,511,363,681,681,732,500,752,572,1444,645,1112,
1064]} 1. e4 c5 2. Nf3 e6 3. d4 cxd4 4. Nxd4 a6 5. Nc3 b5 6. a3 Bb7 7. Bd3 Qc7
8. Be3 Nf6 9. Qe2 Be7 10. O-O O-O 11. f4 d6 12. Rad1 Nbd7 13. Bf2 Nc5 14. Nf3
d5 15. e5 Nfe4 16. Bxe4 dxe4 17. Nd2 Qc6 18. Kh1 Rad8 19. Bxc5 Bxc5 20. Ndxe4
Bd4 21. Rd3 Bxc3 22. Nxc3 Rxd3 23. cxd3 Rd8 24. Ne4 Rd5 25. Nd6 Ba8 26. Rg1 Rc5
27. Qe4 Rc2 28. b4 Ra2 29. h3 Rxa3 30. Qxc6 Bxc6 31. Rc1 Bd7 32. Rc7 Kf8 33.
Rxd7 Rxd3 34. Rd8+ Ke7 35. Re8+ Kd7 36. Ra8 Rb3 37. Rxa6 Rxb4 38. Rb6 Rb1+ 39.
Kh2 b4 40. Nxf7 Kc7 41. Rb5 Kc6 42. Nd6 Rb2 43. Rb6+ Kc5 44. Rb8 Kd4 45. Nb7
Kc3 46. Nc5 Rb1 47. Nxe6 b3 48. Nc5 b2 49. Na4+ Kd4 50. Rxb2 Rd1 51. Rb7 g6 52.
Rxh7 Ke4 53. Nc5+ 1-0

[Event "Miedzywojewodzkie Mistrzostwa Juniorow O"]
[Site "Pokrzywna"]
[Date "2025.??.??"]
[Round "6.6"]
[White "Ekiert, Szymon"]
[Black "Buczek, Igor"]
[Result "1/2-1/2"]
[WhiteElo "1478"]
[BlackElo "1535"]
[PlyCount "104"]
[EventDate "2025.??.??"]

{[%evp 0,104,18,6,61,61,123,115,138,58,94,30,23,30,30,30,30,31,26,26,47,33,33,
40,42,49,56,14,19,30,71,64,93,93,93,93,93,93,90,84,133,102,99,75,114,119,122,
107,160,157,169,166,163,156,319,332,335,335,389,387,397,418,487,473,554,519,
532,355,333,351,404,345,338,351,351,373,361,352,366,250,395,399,437,223,209,
223,244,238,226,204,234,208,200,204,199,250,268,290,289,300,292,213,213,133,
133,-17,-17]} 1. e4 c5 2. Nf3 g6 3. d4 cxd4 4. Nxd4 Nc6 5. c4 Nf6 6. Nc3 d6 7.
Be2 Bg7 8. Be3 O-O 9. O-O a6 10. f3 Bd7 11. Qd2 Rc8 12. b3 Qc7 13. Nc2 Qa5 14.
Rad1 Ng4 15. Nd5 Nxe3 16. Qxa5 Nxa5 17. Nxe7+ Kh8 18. Nxe3 Rce8 19. N7d5 Be6
20. Rfe1 Nc6 21. Kf1 Bxd5 22. Nxd5 Nd4 23. Rd2 Rd8 24. Red1 Ne6 25. g3 Rfe8 26.
Nb6 Bd4 27. Rxd4 Nxd4 28. Rxd4 Re6 29. c5 Kg7 30. Bc4 Rf6 31. Kf2 g5 32. e5 Rf5
33. cxd6 Rxe5 34. d7 Re7 35. Re4 Rxe4 36. fxe4 Kf6 37. Bd5 Ke7 38. Bxb7 Rb8 39.
Nc8+ Kd8 40. Bc6 Kc7 41. Bd5 Kxd7 42. Na7 f6 43. Nc6 Rf8 44. g4 h6 45. a4 Rc8
46. b4 Kd6 47. Ke3 Kc7 48. Kd4 h5 49. gxh5 Rh8 50. e5 fxe5+ 51. Kxe5 Rxh5 52.
Kf5 g4+ 1/2-1/2

[Event "Miedzywojewodzkie Mistrzostwa Juniorow O"]
[Site "Pokrzywna"]
[Date "2025.??.??"]
[Round "6.7"]
[White "Jagoda, Mikolaj"]
[Black "Kieca, Szymon"]
[Result "1/2-1/2"]
[WhiteElo "1552"]
[BlackElo "1516"]
[PlyCount "119"]
[EventDate "2025.??.??"]

{[%evp 0,119,16,28,28,-1,-16,-23,-2,-34,-16,-51,1,16,22,4,46,36,54,30,59,42,43,
36,73,69,60,24,26,26,133,65,86,82,82,27,35,-70,-70,-63,74,77,77,78,80,86,100,
52,1,-9,-9,-9,-13,-18,-18,-24,119,-7,0,-10,-9,-8,-32,-43,59,61,90,25,84,76,87,
84,75,0,0,0,-7,-7,-7,-7,-7,-7,-7,-7,0,0,0,0,0,0,0,0,0,0,0,0,0,-1002,-1002,
-1002,-1002,-1002,-1002,-1010,-1228,-1155,-1164,-1384,-1384,-1628,-1457,-2138,
-2988,-29961,0,0,0,0,0,0,0,0]} 1. d4 d5 2. c4 e6 3. Nc3 Nf6 4. cxd5 exd5 5. Bg5
Be7 6. e3 O-O 7. Bd3 Nbd7 8. Qc2 Re8 9. Nge2 Nf8 10. O-O Ng6 11. f3 c5 12. Qd2
a6 13. Kh1 cxd4 14. Nxd4 b5 15. Nc6 Qd6 16. Nxe7+ Nxe7 17. Bxf6 Qxf6 18. Nxd5
Nxd5 19. Be4 Rd8 20. Bxd5 Be6 21. e4 Bxd5 22. exd5 Rd6 23. Rad1 Rad8 24. Rfe1
h6 25. Qc2 g6 26. Qb3 Qf5 27. Qe3 Kg7 28. Qe5+ Qxe5 29. Rxe5 Kf6 30. f4 Rc8 31.
Re2 Rc5 32. Red2 Rc4 33. Rd4 Rc7 34. g3 Kf5 35. h3 h5 36. Kg2 Rc2+ 37. R1d2
Rxd2+ 38. Rxd2 Ke4 39. Kf2 Rxd5 40. Rxd5 Kxd5 41. Ke3 f5 42. Kd3 Kc5 43. Kc3 a5
44. a3 b4+ 45. axb4+ axb4+ 46. Kb3 Kb5 47. h4 Kc5 48. Ka4 Kc4 49. Ka5 Kb3 50.
Kb5 Kxb2 51. Kxb4 Kc2 52. Kc5 Kd3 53. Kd5 Ke3 54. Ke6 Kf3 55. Kf6 Kxg3 56. Kxg6
Kxf4 57. Kxh5 Kg3 58. Kg6 f4 59. h5 f3 60. h6 1/2-1/2

[Event "Miedzywojewodzkie Mistrzostwa Juniorow O"]
[Site "Pokrzywna"]
[Date "2025.??.??"]
[Round "7.1"]
[White "Czeremcha, Piotr"]
[Black "Reterski, Wiktor"]
[Result "1-0"]
[WhiteElo "1972"]
[BlackElo "1775"]
[PlyCount "61"]
[EventDate "2025.??.??"]

{[%evp 0,61,27,24,34,-4,20,32,59,51,60,46,60,17,55,45,45,45,45,77,77,80,74,55,
51,57,59,38,36,19,23,-3,41,28,60,65,65,41,46,46,46,46,81,77,96,90,81,81,81,81,
81,84,81,81,92,95,96,96,96,96,94,100,434,434]} 1. d4 d5 2. c4 dxc4 3. Nf3 a6 4.
e3 b5 5. a4 Bb7 6. b3 e6 7. axb5 axb5 8. Rxa8 Bxa8 9. bxc4 bxc4 10. Bxc4 Nf6
11. O-O Bd6 12. Nc3 O-O 13. Nb5 Nbd7 14. Nxd6 cxd6 15. Ba3 Nb6 16. Bd3 Qc7 17.
Qb1 Rb8 18. Rc1 Qd8 19. Qb4 Bxf3 20. gxf3 d5 21. Qd6 Qxd6 22. Bxd6 Rc8 23.
Rxc8+ Nxc8 24. Bc5 Nd7 25. Bb4 Ncb6 26. Bb5 g6 27. Kf1 Kg7 28. Be7 f6 29. e4
Kf7 30. Bd8 Ke8 31. Bxb6 1-0

[Event "Miedzywojewodzkie Mistrzostwa Juniorow O"]
[Site "Pokrzywna"]
[Date "2025.??.??"]
[Round "7.2"]
[White "Klepacz, Jakub"]
[Black "Lisek, Adam"]
[Result "1/2-1/2"]
[WhiteElo "1657"]
[BlackElo "1673"]
[PlyCount "97"]
[EventDate "2025.??.??"]

{[%evp 0,97,16,28,25,20,23,17,4,6,3,-37,29,30,30,30,30,30,30,33,35,17,10,39,34,
37,42,-9,-5,-5,-7,-5,4,-25,-62,-72,-72,-76,-85,-70,-25,-25,-45,-49,-41,-54,-65,
-84,-90,-134,-137,-149,-50,-50,-47,-51,-36,-54,-55,-69,-42,-73,-50,-50,-53,-55,
-61,-62,-76,-76,-68,-106,-72,-99,-99,-221,-8,-57,-112,-126,-129,-128,-128,-128,
-80,-628,-117,-196,-115,-115,-115,-115,-115,-62,-65,-67,-49,-142,-115,-24]} 1.
e4 e5 2. Nf3 Nc6 3. Bb5 a6 4. Ba4 Bc5 5. c3 Nge7 6. d4 exd4 7. cxd4 Bb4+ 8. Bd2
Bxd2+ 9. Nbxd2 d5 10. exd5 Qxd5 11. O-O O-O 12. Bb3 Qd8 13. Nc4 Bg4 14. Nce5
Nxe5 15. dxe5 Nc6 16. Rc1 Qe7 17. Re1 Rad8 18. Qe2 Nd4 19. Qe3 Nxb3 20. Qxb3 c6
21. Qc3 Bxf3 22. Qxf3 Rd2 23. Qc3 Rfd8 24. Rc2 R2d3 25. Qc4 R8d5 26. Rce2 Qe6
27. a3 h6 28. h3 a5 29. Qc2 b5 30. Re3 Rd2 31. Qc3 a4 32. R1e2 R2d4 33. Re4 c5
34. f3 Rd3 35. Qc2 Rb3 36. Rd2 c4 37. Red4 Rxd4 38. Rxd4 g6 39. f4 Qb6 40. Qf2
c3 41. bxc3 Rxc3 42. Kh2 Rxa3 43. Qd2 Rb3 44. Rd6 Qe3 45. Rxg6+ Kh7 46. Qc2 Qd3
47. Qxd3 Rxd3 48. Rb6 Rb3 49. f5 1/2-1/2

[Event "Miedzywojewodzkie Mistrzostwa Juniorow O"]
[Site "Pokrzywna"]
[Date "2025.??.??"]
[Round "7.3"]
[White "Dudek, Bartlomiej"]
[Black "Plowy, Karol"]
[Result "1-0"]
[WhiteElo "1663"]
[BlackElo "1865"]
[PlyCount "63"]
[EventDate "2025.??.??"]

{[%evp 0,63,16,28,46,51,98,98,98,67,67,41,80,72,80,81,57,44,61,-14,-5,-21,-32,
-12,36,52,67,68,52,11,44,3,138,78,78,63,82,97,83,67,67,66,112,123,210,221,272,
217,217,217,217,222,216,217,931,1006,702,963,963,1027,1414,1415,1441,1154,
29989,29990]} 1. e4 c5 2. Nf3 d6 3. d4 cxd4 4. Nxd4 Nf6 5. Nc3 a6 6. Bc4 e6 7.
O-O b5 8. Bb3 Be7 9. f4 O-O 10. e5 dxe5 11. fxe5 Bc5 12. Be3 Nfd7 13. Ne4 Bb7
14. Nd6 Bxd6 15. exd6 Qh4 16. Rf4 Qg5 17. Nf3 Qg6 18. Qe2 Qh5 19. Qf2 Nf6 20.
Bd4 Ne4 21. Qe3 Ng5 22. Ne5 Nc6 23. Nxc6 Bxc6 24. h4 Ne4 25. Rxe4 Qg6 26. Re1
f5 27. Bxe6+ Kh8 28. h5 Qxh5 29. Qg3 Rg8 30. Bxg8 Rxg8 31. Rh4 Qf7 32. Re7 1-0

[Event "Miedzywojewodzkie Mistrzostwa Juniorow O"]
[Site "Pokrzywna"]
[Date "2025.??.??"]
[Round "7.4"]
[White "Podolecki, Wojciech"]
[Black "Sawinski, Franciszek"]
[Result "1/2-1/2"]
[WhiteElo "1603"]
[BlackElo "1690"]
[PlyCount "159"]
[EventDate "2025.??.??"]

{[%evp 0,159,16,-12,-32,-71,2,2,32,28,28,-2,-32,-31,-24,-32,-23,-53,-4,-74,-19,
-50,-27,-27,-27,-27,-27,-51,-37,-29,-26,-22,-15,-46,-5,-45,-26,-19,-20,-12,-15,
-31,-5,0,10,-26,-26,-37,24,-26,-8,-50,-11,-24,-27,-36,0,-67,-11,-37,-52,-67,1,
-1,-8,-76,-76,-76,-67,-67,-67,-67,-68,-68,-69,-69,-66,-70,-74,-74,-69,-87,-62,
-62,-70,-59,-62,-62,-45,-68,-43,-75,-45,-68,-40,-40,-22,-1,-34,-34,19,27,17,0,
0,0,0,0,7,7,35,0,0,0,58,26,79,26,38,0,0,-13,-12,-48,0,0,0,0,0,0,0,0,0,0,0,-22,
0,-55,0,0,0,0,0,0,0,0,0,0,0,0,0,0,0,0,0,0,0,0,0,0,0,0]} 1. c4 e5 2. g3 c6 3. d4
exd4 4. Qxd4 d5 5. cxd5 cxd5 6. Bg2 Nf6 7. Nc3 Nc6 8. Qd1 Be6 9. Bg5 Bb4 10. a3
Bxc3+ 11. bxc3 h6 12. Bxf6 Qxf6 13. Qd2 O-O 14. Nf3 Rac8 15. O-O b6 16. Rfd1
Na5 17. Qd4 Qe7 18. Qb4 Qc7 19. Rac1 Nc4 20. Nd4 a6 21. Bf3 b5 22. Kg2 Rfd8 23.
Kg1 Nb6 24. Rd3 Na4 25. Kg2 Qc4 26. Qxc4 Rxc4 27. Re3 Bc8 28. Kf1 Rc7 29. Ke1
Bb7 30. Rc2 Rdc8 31. Nf5 Rd8 32. Kd2 Nb6 33. Re7 Rxe7 34. Nxe7+ Kf8 35. Nf5
Nc4+ 36. Kd3 Nxa3 37. Ra2 Nc4 38. Kd4 f6 39. Nh4 Ne5 40. Ng2 Nxf3+ 41. exf3 Rc8
42. Ne3 Kf7 43. f4 g6 44. f3 Rc7 45. Ra5 Ke6 46. g4 Kd6 47. h4 Kc6 48. Nxd5 Rd7
49. c4 bxc4 50. Kxc4 Rf7 51. Rc5+ Kd6 52. h5 gxh5 53. gxh5 Bxd5+ 54. Rxd5+ Kc6
55. Ra5 Kb6 56. Ra2 Re7 57. Rb2+ Ka7 58. Kd4 a5 59. Ra2 Ka6 60. Kd5 Re3 61. Rc2
Kb5 62. Rc5+ Kb4 63. Rc4+ Kb3 64. Rc6 Rxf3 65. Rxf6 a4 66. Rb6+ Kc2 67. Ke5 a3
68. Kf5 a2 69. Ra6 Kb2 70. Rxa2+ Kxa2 71. Kg6 Rxf4 72. Kxh6 Rg4 73. Kh7 Kb3 74.
h6 Kc4 75. Kh8 Kd5 76. h7 Ra4 77. Kg8 Ra8+ 78. Kg7 Ra7+ 79. Kg8 Ra8+ 80. Kg7
1/2-1/2

[Event "Miedzywojewodzkie Mistrzostwa Juniorow O"]
[Site "Pokrzywna"]
[Date "2025.??.??"]
[Round "7.5"]
[White "Wilman, Maciej"]
[Black "Ekiert, Szymon"]
[Result "1-0"]
[WhiteElo "1560"]
[BlackElo "1478"]
[PlyCount "135"]
[EventDate "2025.??.??"]

{[%evp 0,93,19,31,34,25,18,17,24,-19,3,-6,-7,-22,-29,-47,-39,-93,-26,-30,-14,
-42,1,-35,143,-26,62,57,5,5,55,50,71,47,65,38,77,23,52,38,44,62,112,112,104,61,
140,118,125,125,149,149,180,172,239,225,225,196,196,204,205,213,215,231,253,
167,183,148,215,216,209,185,233,233,227,241,247,206,206,249,230,240,283,285,
287,271,281,263,267,275,335,323,504,621,641,629]} 1. e4 e5 2. Nf3 Nc6 3. Bb5 a6
4. Ba4 Bc5 5. d3 Nge7 6. Nbd2 d6 7. Nf1 Bg4 8. Ng3 h6 9. h3 Be6 10. c3 Bb6 11.
Bd2 Qd7 12. Nh5 O-O-O 13. Nxg7 Rdg8 14. Nxe6 fxe6 15. g3 Rf8 16. Be3 Qe8 17.
Qe2 Qf7 18. Nh4 h5 19. O-O-O Bxe3+ 20. fxe3 Qf2 21. Qxf2 Rxf2 22. Rdf1 Rhf8 23.
Rxf2 Rxf2 24. Bd1 d5 25. Bxh5 dxe4 26. dxe4 Na5 27. Bg4 Rf6 28. Re1 Nc4 29. Nf3
Nd6 30. Ng5 Kd7 31. Rd1 Ng8 32. b3 Nh6 33. Be2 Rg6 34. h4 Ke7 35. Rf1 Rf6 36.
Rxf6 Kxf6 37. g4 Nhf7 38. Nxf7 Kxf7 39. Bf3 Kg6 40. Kd2 c5 41. Kd3 a5 42. a4 b6
43. g5 Kg7 44. Bg4 Kg6 45. Bxe6 Kg7 46. h5 Kh7 47. Bf5+ Kg7 48. h6+ Kg8 49. g6
Kh8 50. Be6 Ne8 51. g7+ Nxg7 52. hxg7+ Kxg7 53. Kc4 Kf6 54. Bf5 Ke7 55. Kd5 Kf6
56. Kd6 Kf7 57. Kxe5 Ke7 58. Kd5 Kf6 59. e5+ Kxf5 60. e6 Kf6 61. Kd6 Kg7 62. e7
Kf7 63. Kd7 Kg7 64. e8=Q Kh7 65. Ke6 Kg7 66. Qf7+ Kh8 67. Kf6 c4 68. Qg7# 1-0

[Event "Miedzywojewodzkie Mistrzostwa Juniorow O"]
[Site "Pokrzywna"]
[Date "2025.??.??"]
[Round "7.6"]
[White "Buczek, Igor"]
[Black "Tendera, Jan"]
[Result "1/2-1/2"]
[WhiteElo "1535"]
[BlackElo "1473"]
[PlyCount "85"]
[EventDate "2025.??.??"]

{[%evp 0,85,16,28,25,18,25,15,15,-8,-29,-29,3,-14,2,-25,-3,-61,-16,-29,-19,-24,
-17,-27,-32,-24,-27,-29,-7,-18,-13,-36,-29,-52,-34,-43,-36,-42,-37,-42,-32,-32,
-30,-33,2,-28,-18,-42,-49,-22,-16,-15,-10,-10,-15,-17,-22,-19,-19,-17,-11,-18,
-7,-7,-7,-10,-10,-5,-3,-8,-5,0,0,0,0,0,0,0,0,0,0,0,0,0,0,0,0,0]} 1. e4 e5 2.
Nf3 Nc6 3. Bc4 Nf6 4. Ng5 d5 5. exd5 Na5 6. Bb5+ Bd7 7. Bxd7+ Qxd7 8. O-O Nxd5
9. Ne4 Nc6 10. Nbc3 Nxc3 11. Nxc3 Bc5 12. d3 O-O 13. Re1 f6 14. Be3 Bxe3 15.
Rxe3 Rad8 16. a3 Nd4 17. Re1 Qc6 18. Rc1 Rfe8 19. Ne2 Qb6 20. Nxd4 Qxd4 21. Rb1
e4 22. dxe4 Rxe4 23. Qxd4 Rexd4 24. Kf1 Kf7 25. Re2 a5 26. Rbe1 R8d7 27. Re4 b5
28. Rxd4 Rxd4 29. f3 Rd2 30. Re2 Rxe2 31. Kxe2 Ke6 32. Ke3 c5 33. b3 g5 34. c4
bxc4 35. bxc4 Ke5 36. g3 a4 37. h3 h5 38. f4+ Kf5 39. Kf3 g4+ 40. hxg4+ hxg4+
41. Ke3 Ke6 42. Ke4 f5+ 43. Ke3 1/2-1/2

[Event "Miedzywojewodzkie Mistrzostwa Juniorow O"]
[Site "Pokrzywna"]
[Date "2025.??.??"]
[Round "7.7"]
[White "Swiderski, Lukasz"]
[Black "Jagoda, Mikolaj"]
[Result "1-0"]
[WhiteElo "1578"]
[BlackElo "1552"]
[PlyCount "82"]
[EventDate "2025.??.??"]

{[%evp 0,82,16,28,47,50,29,30,32,16,45,14,18,21,54,5,39,-13,42,-5,-5,-61,24,46,
63,55,97,81,55,22,22,22,22,22,22,-17,-15,-35,-32,-35,-29,-14,309,351,394,336,
817,781,893,893,893,890,847,774,766,816,867,867,887,799,820,854,958,983,1094,
1089,1237,1237,1237,1355,1237,1054,1143,1068,1154,980,878,774,820,815,815,838,
933,933,1048]} 1. e4 e6 2. Nc3 d5 3. exd5 exd5 4. d4 Be6 5. Bd3 Nc6 6. Nge2 Bd6
7. O-O Nge7 8. Bf4 Bxf4 9. Nxf4 Nxd4 10. Bxh7 Rxh7 11. Qxd4 c6 12. Rfe1 Qd7 13.
Nxe6 fxe6 14. Re5 Nf5 15. Qd3 O-O-O 16. Rae1 Rh6 17. Na4 b6 18. Qa6+ Kb8 19.
Nc3 Rdh8 20. h3 Qe7 21. Rxf5 Qe8 22. Rg5 Rxh3 23. gxh3 Rxh3 24. Rxg7 Rh1+ 25.
Kxh1 Qh8+ 26. Kg1 Qxg7+ 27. Kf1 Qh7 28. Qd3 Qh1+ 29. Ke2 Qh5+ 30. Qf3 Qe5+ 31.
Kd1 Qd4+ 32. Kc1 e5 33. Qf8+ Kb7 34. Qe7+ Ka6 35. Qc7 Qf4+ 36. Kb1 Qxf2 37.
Qxe5 d4 38. Qe2+ Qxe2 39. Nxe2 c5 40. c3 d3 41. Nf4 c4 1-0

[Event "Miedzywojewodzkie Mistrzostwa Juniorow O"]
[Site "Pokrzywna"]
[Date "2025.??.??"]
[Round "8.1"]
[White "Klepacz, Jakub"]
[Black "Czeremcha, Piotr"]
[Result "1-0"]
[WhiteElo "1657"]
[BlackElo "1972"]
[PlyCount "83"]
[EventDate "2025.??.??"]

{[%evp 0,83,19,30,30,33,33,29,38,5,8,-4,2,-10,13,-10,9,-30,-32,-23,-11,-6,0,
-11,27,32,35,22,17,37,37,37,30,24,49,37,37,37,37,37,59,37,0,19,24,28,87,102,
155,175,176,224,224,161,193,75,75,-148,-139,-188,215,268,282,262,300,390,449,
448,448,461,489,223,355,202,366,366,444,446,441,434,535,573,29991,29992,29993,
29994]} 1. e4 e5 2. Nf3 Nc6 3. Bc4 Bc5 4. d3 d6 5. c3 Nf6 6. Nbd2 O-O 7. O-O a6
8. h3 b5 9. Bb3 Bb7 10. Re1 Re8 11. Nf1 h6 12. Be3 Bxe3 13. Nxe3 Na5 14. Bc2 d5
15. exd5 Nxd5 16. Nxd5 Qxd5 17. b4 Nc6 18. Bb3 Qd6 19. a4 Rad8 20. axb5 axb5
21. Bc2 Qf6 22. Qe2 e4 23. d4 Ba8 24. Nd2 Qg6 25. Qxb5 f5 26. Qc4+ Kh8 27. b5
Ne5 28. Qc5 e3 29. g3 Qh5 30. Rxe3 Qxh3 31. Rxa8 Rxa8 32. Rxe5 Ra1+ 33. Bb1
Rxe5 34. dxe5 Qg4 35. Qe3 Ra8 36. Qf3 Rd8 37. Bxf5 Qg5 38. Ne4 Qe7 39. e6 Rb8
40. Qh5 g5 41. Qxh6+ Kg8 42. Nf6+ 1-0

[Event "Miedzywojewodzkie Mistrzostwa Juniorow O"]
[Site "Pokrzywna"]
[Date "2025.??.??"]
[Round "8.2"]
[White "Lisek, Adam"]
[Black "Podolecki, Wojciech"]
[Result "1/2-1/2"]
[WhiteElo "1673"]
[BlackElo "1603"]
[PlyCount "76"]
[EventDate "2025.??.??"]

{[%evp 0,76,19,30,44,52,50,38,46,35,35,33,27,27,27,12,8,6,20,-6,5,7,20,6,2,-26,
-13,-13,-18,3,0,-21,51,59,66,-9,51,54,40,-19,40,32,32,5,92,11,16,4,12,-8,16,0,
1,-5,0,-15,6,-23,6,-5,22,-22,24,12,-3,-10,0,-10,-10,-13,-13,-13,6,6,0,0,-55,
-55,-63]} 1. e4 e5 2. Nf3 Nf6 3. Nxe5 d6 4. Nf3 Nxe4 5. Nc3 Nxc3 6. dxc3 Be7 7.
Be3 O-O 8. Bd3 Nc6 9. Qd2 Ne5 10. Nxe5 dxe5 11. O-O-O c6 12. c4 Bg4 13. f3 Be6
14. Qe2 Qa5 15. a3 Rab8 16. Bd2 Qc7 17. Bc3 Bg5+ 18. Kb1 f6 19. h4 Bh6 20. g4
Bf4 21. h5 f5 22. gxf5 Bxf5 23. Bxf5 Rxf5 24. Rdg1 Rbf8 25. h6 g6 26. Rg4 Re8
27. Qe4 Qf7 28. Rh3 Re6 29. Rg1 Qf6 30. Rd1 Qf7 31. Rd8+ Re8 32. Qd3 Qf8 33.
Rd7 Rf7 34. Rh1 Rxd7 35. Qxd7 Qe7 36. Rd1 Qxd7 37. Rxd7 Bxh6 38. Rxb7 Bf4
1/2-1/2

[Event "Miedzywojewodzkie Mistrzostwa Juniorow O"]
[Site "Pokrzywna"]
[Date "2025.??.??"]
[Round "8.3"]
[White "Wilman, Maciej"]
[Black "Dudek, Bartlomiej"]
[Result "1-0"]
[WhiteElo "1560"]
[BlackElo "1663"]
[PlyCount "68"]
[EventDate "2025.??.??"]

{[%evp 0,68,16,28,25,18,24,24,9,3,26,17,35,8,47,17,0,-7,-15,-7,-16,-43,-8,-73,
2,5,5,-3,-20,-20,-20,-20,-20,-29,0,-20,-20,-20,-20,-10,28,19,18,26,89,132,156,
199,220,193,241,241,285,293,305,310,313,317,484,499,471,249,388,392,736,728,
728,559,559,531,551]} 1. e4 e5 2. Nf3 Nc6 3. Bc4 Nf6 4. d3 h6 5. h3 g5 6. c3 d6
7. Bb3 Bg7 8. Nbd2 O-O 9. Nf1 d5 10. Qe2 Re8 11. g4 Ne7 12. Ng3 Ng6 13. Nf5
Bxf5 14. gxf5 Nf4 15. Bxf4 exf4 16. e5 Qd7 17. Qd2 Qxf5 18. O-O-O Nd7 19. d4
Nb6 20. Bc2 Qe6 21. Qd3 Qg6 22. Qxg6 fxg6 23. Bxg6 Re7 24. Bh5 Bf8 25. h4 Rg7
26. hxg5 hxg5 27. Bg4 Re8 28. Rh5 c5 29. Rdh1 Kf7 30. Rxg5 Rxg5 31. Nxg5+ Ke7
32. Rh7+ Kd8 33. Ne6+ Rxe6 34. Bxe6 cxd4 1-0